| 000 | 00490nam a2200169Ia 4500 | ||
|---|---|---|---|
| 008 | 241115s9999 xx 000 0 und d | ||
| 020 | _a978-81-317-1953-4 | ||
| 082 | _a621.382 TOM | ||
| 100 | _aTomasi, Wayne | ||
| 245 | 0 | _aElectronic Communications Systems: fundamentals through advanced | |
| 250 | _a5th ed. | ||
| 260 |
_aNew Delhi: _bPearson Education, _c2009 |
||
| 300 | _axvi,1115p. | ||
| 600 | _aElectrical Engineering | ||
| 650 | _aTelecommunication Engineering | ||
| 942 | _cBBD | ||
| 999 |
_c26747 _d26747 |
||